| 000 | 00612cam a22002172 4500 | ||
|---|---|---|---|
| 001 | 0000002398 | ||
| 005 | 20151217145728.0 | ||
| 008 | 070410s xx 000 0 eng d | ||
| 020 |
_a082645500X : _cGBP 21.99 |
||
| 040 |
_aKABU _cKABU |
||
| 050 | 0 |
_aHF5667 _b.M55 2002 |
|
| 100 | 1 |
_aMillichamp, A. H. _@0000151751 |
|
| 245 | 1 | 0 |
_aAuditing / _cA. H. Millichamp. |
| 250 | _a8th ed. | ||
| 260 |
_aLondon : _aNew York : _bContinuum, _c2002. |
||
| 300 |
_axvi, 440 p. ; _c25 cm. |
||
| 650 | 0 |
_aAuditing. _@0000151729 |
|
| 908 | _a070410 | ||
| 950 | _@1 | ||
| 999 |
_c1985 _d1985 |
||